Die 10 größten Städte - Washington - Statistiken

Allgemein
  • Dieses Quiz wurde 40 mal gespielt
  • Das Durchschnittsergebnis liegt bei 4 aus 10
Antwortstatistiken
Inhabitants City % Korrekt
733.199 Seattle
100%
229.071 Spokane
53%
219.205 Tacoma
53%
110.812 Everett
38%
149.440 Bellevue
24%
134.835 Kent
21%
105.179 Renton
18%
105.905 Spokane Valley
18%
192.169 Vancouver
18%
99.037 Federal Way
12%
Keine übereinstimmenden Quizze gefunden
Verteilung der Resultate
Anzahl Personen mit jedem Resultat
Perzentil nach korrekt beantworteten Fragen
Ihre Resultats-Entwicklung
Sie haben dieses Quiz noch nicht gespielt